Bible People, Places, and Things: U-Z Quiz Stats

 Plays Quiz not verified by Sporcle

Score 0/47 Timer 13:00
0 Plays Today
% Correct
Virgin Mary
81.5%
YHWH
77.8%
Xerxes I of Persia
77.8%
Wisdom literature
75.3%
Unclean
75.3%
Vulgate
71.6%
Worship
71.6%
Zipporah
70.4%
Ur
69.1%
Winnowing
67.9%
Virginity
67.9%
Veil of the temple
66.7%
Vinegar
66.7%
Usury
65.4%
Wine
65.4%
Wailing or Western Wall
64.2%
Zacchaeus
64.2%
Uriah
64.2%
Zion
63%
Witch of Endor
61.7%
Virgin Birth
60.5%
Univocal
58%
Unction
58%
Zebulun
56.8%
% Correct
Zephaniah
56.8%
Zilpah
54.3%
Vassal
53.1%
Zacharias
53.1%
Zebedee
53.1%
Urim and Thummim
50.6%
Zechariah
49.4%
Uz
48.1%
Vorlage
43.2%
Uncial
42%
Zedekiah
42%
Uriel
40.7%
Zaphnath-Paaneah
39.5%
Zerubbabel
32.1%
Uzziah
30.9%
Zadok
30.9%
Uzzah
28.4%
Ugarit
24.7%
Zelah
19.8%
Zoan
19.8%
Zedekiah
17.3%
Zacharias
16%
Urijah
13.6%

You're not logged in!

Compare scores with friends on all Sporcle quizzes.
OR
Log In

Show Comments

Extras

Top Quizzes Today


Score Distribution

Your Account Isn't Verified!

In order to create a playlist on Sporcle, you need to verify the email address you used during registration. Go to your Sporcle Settings to finish the process.

Report this User

Report this user for behavior that violates our Community Guidelines.

Details: